000 00646nam a2200229Ia 4500
003 OSt
005 20220927104947.0
006 a|||||r|||| 00| 0
007 ta
008 220926b |||||||| |||| 00| 0 eng d
024 _a143229
037 _cReference Collections
040 _aRTL
_cRTL
_beng
041 _2eng
_aeng
082 _a"X:74.1.N6, K2;4"
100 _aCoppak J.D
_9368847
245 0 _aInternational Economic instbility
260 _aNew
_bYork
_c1962
490 _aEconomic Itand Book Series
942 _h"X:74.1.N6, K2;4"
_cCC
999 _c689754
_d689754